| 000 | 00762nam a22002412 4500 | ||
|---|---|---|---|
| 001 | 0000019532 | ||
| 005 | 20151217145917.0 | ||
| 008 | 110106s xx 000 0 eng d | ||
| 020 | _a0470862049 : | ||
| 040 |
_aKABU _cKABU |
||
| 245 | 1 | 0 |
_aDiabetic cardiology / _ceditors Miles Fisher, John J. McMurray. |
| 250 | _a1st ed. | ||
| 260 |
_aChichester, England : _bJ. Wiley, _c2007. |
||
| 300 | _axii, 295 p. | ||
| 650 | 0 |
_aHeart _xDiseases. _@0000179269 |
|
| 650 | 0 |
_aCardiovascular system _xDiseases. _@0000179270 |
|
| 650 | 0 |
_aDiabetes _xComplication. _@0000179271 |
|
| 700 | 1 |
_aFisher, Miles. _@0000179272 |
|
| 700 | 1 |
_aMcMurray, John J. _@0000179273 |
|
| 852 | 1 | _9p8999 KES | |
| 908 | _a110106 | ||
| 950 | _@1 | ||
| 999 |
_c3966 _d3966 |
||